| 000 | 00590 a2200205 4500 | ||
|---|---|---|---|
| 001 | 61113 | ||
| 005 | 20260407155902.0 | ||
| 008 | 260407a1964 arg spa d | ||
| 003 | AR-UNSa-BCEJYS | ||
| 040 |
_aAR-UNSa-BCEJYS _bspa _cAR-UNSa-BCEJYS |
||
| 080 |
_a342.924 _xActos legales. Actos administrativos. (Procesal administrativo) |
||
| 245 | 1 | 0 | _aSobre lo contenciosoadministrativo |
| 250 | _a3a. ed. | ||
| 264 | 1 |
_aSanta Fe : _bCastellvĂ _c1964 |
|
| 300 |
_a363 p. _c23 cm. |
||
| 041 | _aspa | ||
| 942 | _cBK | ||
| 590 | _aniveau_biblio:m niveau_hierar:0 | ||
| 100 | 1 | _aBielsa, Rafael | |
| 999 |
_c7232 _d7232 |
||